| 000 | 00554nam a22001817a 4500 | ||
|---|---|---|---|
| 003 | OSt | ||
| 005 | 20140310182510.0 | ||
| 008 | 130808t xxu||||| |||| 00| 0 eng d | ||
| 020 | _a9789717251684 | ||
| 050 |
_aHA 29 _b.B186 2009 |
||
| 100 |
_aBalino, Jovencio T. _98995 |
||
| 245 |
_aBasic statistics / _cJovencio T. Balino, Estrelita P. Reyes, Michael T. Villanueva. |
||
| 260 |
_aMetro Manila : _bGrandbook Publishing, _cc2009. |
||
| 300 |
_a120 p. ; _bill. ; _c26 cm. |
||
| 700 |
_aReyes, Estrelita P. _98996 |
||
| 942 |
_2lcc _cSSLC |
||
| 999 |
_c13901 _d13901 |
||